La comparación del lenguaje económico español e italiano bakalárska práca

Na minha lista:
Detalhes bibliográficos
Autor principal: Predáčová, Petra
Autor Corporativo: Fakulta aplikovaných jazykov EU v Bratislave. Katedra románskych a slovanských jazykov
Outros Autores: Spišiaková, Mária, 1973-
Formato: Livro
Idioma:espanhol
Publicado em: Bratislava 2020
Tags: Adicionar Tag
Sem tags, seja o primeiro a adicionar uma tag!

MARC

LEADER 00000nbm a2200000 4500
001 0265227
005 20210331125705.9
041 0 |a spa 
044 |a SK 
245 1 0 |a La comparación del lenguaje económico español e italiano  |b bakalárska práca  |c Petra Predáčová ; školiteľ: Mária Spišiaková 
264 1 |a Bratislava  |c 2020 
300 |a 50 s. 
100 1 |a Predáčová, Petra 
700 1 |a Spišiaková, Mária, 1973- 
710 2 |a Fakulta aplikovaných jazykov EU v Bratislave. Katedra románskych a slovanských jazykov